Microsoft Excel: (Registro nro. 9349)
[ vista simple ]
| 000 -LEADER | |
|---|---|
| fixed length control field | 01197nam a2200217Ia 4500 |
| 005 - FECHA Y HORA DE LA ÚLTIMA TRANSACCIÓN | |
| control field | 20230916110255.0 |
| 008 - FIXED-LENGTH DATA ELEMENTS--GENERAL INFORMATION | |
| fixed length control field | 230912s9999 xx 000 0 und d |
| 020 ## - INTERNATIONAL STANDARD BOOK NUMBER | |
| International Standard Book Number | 84-4813-234-3 |
| 040 ## - CATALOGING SOURCE | |
| Original cataloging agency | UPAN |
| Transcribing agency | Biblioteca San Vicente |
| Description conventions | RCAA2 |
| 041 ## - LANGUAGE CODE | |
| Language code of text/sound track or separate title | spa |
| 082 ## - DEWEY DECIMAL CLASSIFICATION NUMBER | |
| Classification number | 005.362 |
| Item number | F794m |
| año de publicación | 2001 |
| 100 ## - MAIN ENTRY--PERSONAL NAME | |
| Personal name | Frye, Curtis |
| Relator code | aut. |
| 245 #0 - TITLE STATEMENT | |
| Title | Microsoft Excel: |
| Remainder of title | Versión 2002 paso a paso/ |
| Statement of responsibility, etc | Curtis Frye |
| 250 ## - EDITION STATEMENT | |
| Edition statement | 1° ed. |
| 260 ## - PUBLICATION, DISTRIBUTION, ETC. (IMPRINT) | |
| Place of publication, distribution, etc | España: |
| Name of publisher, distributor, etc | McGraw Hill, |
| Date of publication, distribution, etc | 2001 |
| 300 ## - PHYSICAL DESCRIPTION | |
| Extent | 362 p.; |
| Dimensions | 23 cm. |
| 505 ## - FORMATTED CONTENTS NOTE | |
| Formatted contents note | Conoccer excel- Configuración de un libro de trabajo- Ejecución de cálculos- Cómo cambiar la presentación de un documento- Uso de filtros para centrarse en datos específicos- Combinación de datos apartir de varias fuentes- Reordenación y resumen de datos- Análisis de conjuntos de datos alternativos- Uso de táblas dinámicas para crear listas dinámicas- Creación de gráficos- Imprimir- Uso de marcros para automatizar tareas repetitivas- Como trabajar con otros programas de Microsoft Office- Como trabajar con datos de una base de datos- Cómo colaborar con colegas. |
| 650 ## - SUBJECT ADDED ENTRY--TOPICAL TERM | |
| Source of heading or term | LEMB |
| General subdivision | Informática |
| 700 ## - ADDED ENTRY--PERSONAL NAME | |
| Personal name | Sánchez Manzanaro, Camelia |
| Relator code | tr. |
| 942 ## - ADDED ENTRY ELEMENTS (KOHA) | |
| Koha item type | Libros |
| Source of classification or shelving scheme | Dewey Decimal Classification |
| Withdrawn status | Lost status | Source of classification or shelving scheme | Damaged status | Not for loan | Collection code | Home library | Current library | Date acquired | Total Checkouts | Full call number | Barcode | Date last seen | Copy number | Price effective from | Koha item type |
|---|---|---|---|---|---|---|---|---|---|---|---|---|---|---|---|
| Dewey Decimal Classification | Colección General | Biblioteca UPAN San Vicente | Biblioteca UPAN San Vicente | 12/09/2023 | 005.362 F794m | 12000055 | 12/09/2023 | 01 | 12/09/2023 | Libros |